[Event "WCh Women 2018"]
[Site "Khanty-Mansiysk RUS"]
[Date "2018.11.04"]
[Round "1.2"]
[White "Arakhamia-Grant, Ketevan"]
[Black "Batsiashvili, Nino"]
[Result "0-1"]
[WhiteTitle "GM"]
[BlackTitle "GM"]
[WhiteElo "2373"]
[BlackElo "2465"]
[WhiteFideId "13600168"]
[BlackFideId "13602993"]
[EventDate "2018.11.03"]

1. e4 e6 2. d3 d5 3. Nd2 b6 4. Ngf3 Nf6 5. g3 dxe4 6. dxe4 Bb7 7. Qe2 Nc6 8. c3
a5 9. Bg2 Ba6 10. Nc4 e5 11. O-O Bc5 12. b3 O-O 13. Bb2 Ne8 14. Rfd1 Nd6 15. Qc2
Bxc4 16. bxc4 Qf6 17. Qe2 a4 18. Rd5 a3 19. Bc1 Ra4 20. h4 h6 21. Nh2 Qe6 22.
Ng4 h5 23. Ne3 g6 24. Kh2 Ne7 25. Rd1 Bxe3 26. Bxe3 Qxc4 27. Qc2 Nxe4 28. Bf1
Qc6 29. Qb3 Ra5 30. Bg2 Nf5 31. Re1 Nfd6 32. Bg5 Qa4 33. Qxa4 Rxa4 34. Be7 Nxf2
35. Bxf8 Kxf8 36. Kg1 Ng4 37. Rad1 Rc4 38. Rc1 Nf5 39. Bd5 Rc5 40. c4 Nxg3 41.
Rc3 Nf5 42. Rxa3 Kg7 43. Rf3 c6 44. Be4 Nd4 45. Rc3 f5 46. Bg2 e4 47. Kf1 Ne5
48. Rd1 Nb5 49. Rcc1 Rxc4 50. Rxc4 Nxc4 51. Rc1 Nbd6 52. Kf2 b5 53. Kg3 Kf6 54.
Kf4 Ne5 55. Bf1 Nb7 56. a3 Nd8 57. Be2 Ne6+ 58. Ke3 Ke7 59. Rd1 Ng4+ 60. Bxg4
hxg4 61. Rf1 Kf6 62. Rc1 Ke5 63. Rxc6 f4+ 64. Kf2 e3+ 65. Kg2 f3+ 66. Kg3 Nd4
67. Rc8 Nf5+ 68. Kxg4 f2 69. Rc1 e2 0-1

[Event "WCh Women 2018"]
[Site "Khanty-Mansiysk RUS"]
[Date "2018.11.04"]
[Round "1.2"]
[White "Girya, Olga"]
[Black "Zhai, Mo"]
[Result "0-1"]
[WhiteTitle "WGM"]
[BlackTitle "WGM"]
[WhiteElo "2481"]
[BlackElo "2352"]
[WhiteFideId "4195752"]
[BlackFideId "8600201"]
[EventDate "2018.11.03"]

1. d4 Nf6 2. c4 g6 3. Nc3 d5 4. cxd5 Nxd5 5. e4 Nxc3 6. bxc3 c5 7. Bc4 Bg7 8.
Ne2 O-O 9. O-O Nc6 10. Be3 Qc7 11. Rc1 Rd8 12. Qa4 b6 13. dxc5 Ne5 14. Bd5 Bb7
15. Bxb7 Qxb7 16. Rb1 Qc8 17. h3 bxc5 18. Rb5 Nd3 19. Rfb1 Qc6 20. Qc4 Ne5 21.
Qxc5 Qxe4 22. Rb7 Qc2 23. Nd4 Qxa2 24. Qxe7 Re8 25. Qd6 Bf8 26. Qf6 Bg7 27. Qh4
Qc4 28. Qg3 a6 29. Bf4 Rac8 30. Ra7 Qxc3 31. Qxc3 Rxc3 32. Rbb7 Rc4 33. Be3 Rd8
34. Ne2 Rcc8 35. Bg5 Re8 36. Nd4 Ra8 37. f4 Rxa7 38. Rxa7 Ng4 0-1

[Event "WCh Women 2018"]
[Site "Khanty-Mansiysk RUS"]
[Date "2018.11.04"]
[Round "1.2"]
[White "Lujan, Carolina"]
[Black "Zhao, Xue"]
[Result "0-1"]
[WhiteTitle "IM"]
[BlackTitle "GM"]
[WhiteElo "2364"]
[BlackElo "2478"]
[WhiteFideId "109878"]
[BlackFideId "8601283"]
[EventDate "2018.11.03"]

1. e4 e5 2. Nf3 Nc6 3. Bc4 Bc5 4. d3 Nf6 5. O-O d6 6. c3 a6 7. Bb3 Ba7 8. Be3
O-O 9. Nbd2 Be6 10. Bc2 d5 11. Bxa7 Rxa7 12. exd5 Nxd5 13. Re1 Nf4 14. Ne4 h6
15. b4 Re8 16. a4 Ng6 17. b5 axb5 18. axb5 Rxa1 19. Qxa1 Nb8 20. d4 Nd7 21. Ng3
exd4 22. Nxd4 Ndf8 23. h3 Nh4 24. Qa4 Bd5 25. Rxe8 Qxe8 26. Nde2 Qe7 27. Be4
Bxe4 28. Nxe4 b6 29. Nf4 Qe5 30. Ne2 Ne6 31. Qc4 Ng6 32. N2g3 Ngf4 33. Qc6 Kh7
34. Qd7 f5 35. Nd2 Qe1+ 36. Ndf1 Qe5 37. Qf7 Qxc3 38. Qxf5+ Kh8 39. Ne4 Qc1 40.
g3 Ne2+ 41. Kg2 N2d4 42. Qe5 Qc4 43. Ne3 Qxb5 44. Nd5 Qe2 45. Nf4 Qf3+ 46. Kh2
Qd1 47. Ng6+ Kh7 48. Nh4 Qe2 49. Kg2 Kg8 50. g4 g5 51. Ng6 Qf3+ 52. Kh2 Kh7 53.
Ne7 Qxf2+ 54. Nxf2 Nf3+ 55. Kg3 Nxe5 56. Ne4 c5 57. h4 gxh4+ 58. Kxh4 b5 59. Nd5
c4 60. Nd6 Nd4 61. Kh5 Nef3 62. Nc7 c3 0-1

[Event "WCh Women 2018"]
[Site "Khanty-Mansiysk RUS"]
[Date "2018.11.04"]
[Round "1.2"]
[White "Javakhishvili, Lela"]
[Black "Zhu, Jiner"]
[Result "0-1"]
[WhiteTitle "IM"]
[BlackTitle "WIM"]
[WhiteElo "2477"]
[BlackElo "2379"]
[WhiteFideId "13601458"]
[BlackFideId "8608059"]
[EventDate "2018.11.03"]

1. d4 f5 2. Bg5 Nf6 3. Bxf6 exf6 4. e3 d5 5. c4 Be6 6. Nc3 Bb4 7. Qb3 Nc6 8. c5
f4 9. Bb5 Bxc3+ 10. Qxc3 fxe3 11. Qxe3 Qe7 12. Ne2 Bg4 13. Qxe7+ Kxe7 14. f3 Bf5
15. Kd2 Kf7 16. h4 h5 17. Rae1 Ne7 18. Ng3 g6 19. Re3 c6 20. Be2 b5 21. a4 bxa4
22. Ra3 Rab8 23. Kc3 Rhe8 24. Bd1 Nc8 25. Nxf5 gxf5 26. Rxa4 f4 27. b3 Rb7 28.
Ra6 Re3+ 29. Kd2 Rb4 30. Ra4 Rxa4 31. bxa4 Ne7 32. Bc2 Ng6 33. Bd3 a5 34. Bc2
Ra3 35. Ke2 Ra2 36. Kd3 Rb2 37. Kc3 Rb4 38. Rh3 Ne7 39. g4 fxg3 40. Bd3 Rxa4 41.
Rxg3 Ra3+ 42. Kd2 Ra2+ 43. Ke3 Ra3 44. Kd2 Ra2+ 45. Ke3 a4 46. Rg1 a3 47. Rc1
Rh2 48. Rc3 a2 49. Ra3 Ke6 50. Ra8 f5 51. Ra6 Rxh4 52. Bc2 f4+ 53. Kd3 Rh1 54.
Rxa2 Re1 55. Kc3 Nf5 56. Ra6 Re3+ 57. Bd3 Ne7 58. Ra1 h4 59. Ra8 Rxf3 60. Rh8
Nf5 61. Re8+ Kd7 62. Rf8 Ng3 63. Rh8 h3 64. Rh7+ Kd8 65. Kd2 Ne4+ 66. Kc2 Rf2+ 0-1

[Event "WCh Women 2018"]
[Site "Khanty-Mansiysk RUS"]
[Date "2018.11.04"]
[Round "1.2"]
[White "Khotenashvili, Bela"]
[Black "Vo, Thi Kim Phung"]
[Result "1-0"]
[WhiteTitle "GM"]
[BlackTitle "WGM"]
[WhiteElo "2477"]
[BlackElo "2354"]
[WhiteFideId "13602640"]
[BlackFideId "12401838"]
[EventDate "2018.11.03"]

1. d4 Nf6 2. c4 e6 3. Nf3 d5 4. Nc3 Be7 5. Bg5 c6 6. e3 Nbd7 7. cxd5 exd5 8. Qc2
h6 9. Bf4 O-O 10. h3 Re8 11. Bd3 Nf8 12. O-O Be6 13. Bh2 N6d7 14. Rae1 Rc8 15.
Nd2 c5 16. f4 f6 17. Nf3 Bf7 18. f5 a6 19. g4 b5 20. Qg2 c4 21. Bc2 b4 22. Na4
Qa5 23. h4 Nh7 24. Bf4 Nb6 25. Nxb6 Qxb6 26. Qg3 b3 27. axb3 cxb3 28. Bd3 Rc6
29. Re2 Bd6 30. Bxd6 Rxd6 31. Rfe1 Rd7 32. Rg2 Qd6 33. g5 hxg5 34. hxg5 Qxg3 35.
Rxg3 Nxg5 36. Nxg5 fxg5 37. Bxa6 Ra8 38. Bd3 Ra2 39. Rb1 Rda7 40. Rxg5 Kf8 41.
Kf2 Rc7 42. Kf3 Rc6 43. Rg2 Rc7 44. Rh1 Bg8 45. Rh8 Rc6 46. Rh1 Bf7 47. Kf4 Ra7
48. Rh8+ Bg8 49. Rg6 Rf6 50. e4 Ra4 51. e5 Rxg6 52. fxg6 Ra8 53. Ke3 Ke7 54. Be2
Rb8 55. Bf3 Rd8 56. Kd3 Kd7 57. Kc3 Kc6 58. Kxb3 Rf8 59. Be2 Rb8+ 60. Kc3 Rc8
61. Bg4 Rf8 62. Kd3 Rf4 63. Rxg8 Rxg4 64. Rxg7 Rg3+ 65. Ke2 Rg2+ 66. Kf3 Rxb2
67. Rf7 Rb1 68. g7 Rg1 69. Kf2 Rg4 70. e6 Kd6 71. e7 Rg5 72. e8=R 1-0

[Event "WCh Women 2018"]
[Site "Khanty-Mansiysk RUS"]
[Date "2018.11.04"]
[Round "1.2"]
[White "Socko, Monika"]
[Black "Shvayger, Yuliya"]
[Result "1/2-1/2"]
[WhiteTitle "GM"]
[BlackTitle "IM"]
[WhiteElo "2463"]
[BlackElo "2389"]
[WhiteFideId "1106619"]
[BlackFideId "14100126"]
[EventDate "2018.11.03"]

1. d4 Nf6 2. c4 e6 3. Nf3 d5 4. Bg5 Nbd7 5. cxd5 exd5 6. Nc3 c6 7. e3 Qa5 8. Nd2
Bd6 9. Bd3 O-O 10. Qc2 Qc7 11. Nf3 h6 12. Bh4 Re8 13. O-O-O b5 14. Kb1 b4 15.
Na4 Ne4 16. Nd2 Nb6 17. Bxe4 dxe4 18. Nc5 Bf5 19. Bg3 Nd5 20. Bxd6 Qxd6 21. Nc4
Qc7 22. f4 a5 23. Qf2 a4 24. Rc1 a3 25. b3 Nc3+ 26. Ka1 Red8 27. Rhg1 Rd5 28. g4
Rxc5 29. dxc5 Be6 30. g5 Bxc4 31. gxh6 Qd8 32. Qg2 g6 33. bxc4 Qf6 34. Qg5 Qh8
35. h7+ Kxh7 36. Qh4+ Kg7 37. Rxg6+ fxg6 38. Qe7+ Kg8 39. Qe6+ Kh7 40. Qh3+ Kg7
41. Qd7+ Kh6 42. Qh3+ Kg7 43. Qd7+ Kh6 44. Qh3+ Kg7 1/2-1/2

[Event "WCh Women 2018"]
[Site "Khanty-Mansiysk RUS"]
[Date "2018.11.04"]
[Round "1.2"]
[White "Mkrtchian, Lilit"]
[Black "Ushenina, Anna"]
[Result "1/2-1/2"]
[WhiteTitle "IM"]
[BlackTitle "GM"]
[WhiteElo "2396"]
[BlackElo "2440"]
[WhiteFideId "13300601"]
[BlackFideId "14110911"]
[EventDate "2018.11.03"]

1. e4 c5 2. Nf3 Nc6 3. d4 cxd4 4. Nxd4 g6 5. c4 d6 6. Nc3 Nxd4 7. Qxd4 Nf6 8. f3
Bg7 9. Be3 O-O 10. Qd2 Be6 11. Rc1 a6 12. b3 Rc8 13. Be2 Qa5 14. O-O Rfe8 15.
Kh1 Bd7 16. Rfd1 Qh5 17. g4 Qh3 18. Rg1 h6 19. Rg3 Qh4 20. Kg2 Nh7 21. Rh3 Qf6
22. Nd5 Qe5 23. Bxh6 Bxh6 24. Qxh6 Qg7 25. Qxg7+ Kxg7 26. Nb6 Rc7 27. Nxd7 Rxd7
28. f4 g5 29. Rf3 gxf4 30. Rxf4 Ng5 31. Bd3 e5 32. Rf5 Ne6 33. Kg3 Nf4 34. Bf1
f6 35. h4 Rh8 36. Rc2 Rdd8 37. Rh2 Rdg8 38. Rd2 Rd8 39. Rh2 Rdg8 40. Rd2 Rd8 41.
b4 Kg6 42. g5 fxg5 43. Rxg5+ Kh6 44. c5 Ne6 45. Rf5 Rhg8+ 46. Kh2 Nd4 47. Rf6+
Rg6 48. Rdf2 dxc5 49. bxc5 Rc8 50. Rf7 Rxc5 51. Rxb7 Rc2 52. Rxc2 Nf3+ 53. Kh3
Ng1+ 54. Kh2 Nf3+ 55. Kh3 Ng1+ 1/2-1/2

[Event "WCh Women 2018"]
[Site "Khanty-Mansiysk RUS"]
[Date "2018.11.04"]
[Round "1.2"]
[White "Kashlinskaya, Alina"]
[Black "Tokhirjonova, Gulrukhbegim"]
[Result "1/2-1/2"]
[WhiteTitle "IM"]
[BlackTitle "WGM"]
[WhiteElo "2477"]
[BlackElo "2435"]
[WhiteFideId "4198026"]
[BlackFideId "14203626"]
[EventDate "2018.11.03"]

1. d4 d5 2. c4 dxc4 3. e3 e5 4. Bxc4 exd4 5. exd4 Bd6 6. Nf3 Nf6 7. Qe2+ Qe7 8.
Qxe7+ Bxe7 9. Nc3 a6 10. O-O O-O 11. Re1 Bd6 12. Bg5 Nbd7 13. Bb3 h6 14. Bh4 b5
15. Nd5 Bb7 16. Ne7+ Kh8 17. Nf5 Bb4 18. Rec1 Be4 19. a3 Ba5 20. Ne7 Bb6 21. Nc6
Bd5 22. Bxd5 Nxd5 23. a4 bxa4 24. Rxa4 Rfe8 25. Nfe5 Nf4 26. Rd1 Nxe5 27. dxe5
Ng6 28. Bg3 Ne7 29. Nxe7 Rxe7 30. Kf1 Kh7 31. f4 Ree8 32. f5 Rad8 33. Rxd8 Rxd8
34. Rxa6 g6 35. f6 g5 36. Ke2 Kg6 37. Ra4 Kf5 38. Rc4 Rd4 39. Rc6 h5 40. h3 Re4+
41. Kf1 h4 42. Bh2 Kg6 43. Rc2 Ra4 44. g4 hxg3 45. Bxg3 Re4 46. Bh2 Kf5 47. Rc3
Re3 48. Ra3 Bc5 49. Ra5 Bb6 50. Rd5 Rf3+ 51. Kg2 Rf2+ 52. Kh1 Rf1+ 53. Kg2 Rf2+
54. Kh1 Rf1+ 55. Kg2 Rf2+ 1/2-1/2

[Event "WCh Women 2018"]
[Site "Khanty-Mansiysk RUS"]
[Date "2018.11.04"]
[Round "1.2"]
[White "Cori T., Deysi"]
[Black "Atalik, Ekaterina"]
[Result "1/2-1/2"]
[WhiteTitle "WGM"]
[BlackTitle "IM"]
[WhiteElo "2406"]
[BlackElo "2445"]
[WhiteFideId "3801934"]
[BlackFideId "4130189"]
[EventDate "2018.11.03"]

1. d4 Nf6 2. c4 g6 3. g3 Bg7 4. Bg2 d5 5. cxd5 Nxd5 6. e4 Nb6 7. d5 c6 8. Nc3
cxd5 9. exd5 O-O 10. Nge2 N8d7 11. O-O Nf6 12. h3 e6 13. dxe6 Bxe6 14. Nf4 Bc4
15. Re1 Qxd1 16. Rxd1 Ba6 17. Nd3 Rad8 18. Nc5 Rxd1+ 19. Nxd1 Rd8 20. Nc3 Re8
21. Bg5 h6 22. Nxa6 hxg5 23. Bxb7 Nc4 24. Rb1 g4 25. Bg2 gxh3 26. Bxh3 Nh7 27.
Nb5 Nxb2 28. Bf1 Re7 29. Rc1 Ng5 30. Kg2 Ne6 31. Rc8+ Kh7 32. Nb8 Na4 33. Rc4
Nac5 34. Nc6 Rd7 35. Nbxa7 Rd2 36. Nb5 Rxa2 37. Nd6 Kg8 38. Rb4 Ra8 39. Ne7+ Kf8
40. Nc6 Kg8 41. Ne7+ Kf8 42. Nc6 Kg8 43. Ne7+ Kf8 1/2-1/2

[Event "WCh Women 2018"]
[Site "Khanty-Mansiysk RUS"]
[Date "2018.11.04"]
[Round "1.2"]
[White "Galliamova, Alisa"]
[Black "Nakhbayeva, Guliskhan"]
[Result "1/2-1/2"]
[WhiteTitle "IM"]
[BlackTitle "IM"]
[WhiteElo "2432"]
[BlackElo "2367"]
[WhiteFideId "4129725"]
[BlackFideId "13704788"]
[EventDate "2018.11.03"]

1. d4 Nf6 2. c4 e6 3. g3 d5 4. Bg2 dxc4 5. Nf3 c5 6. O-O Nc6 7. dxc5 Qxd1 8.
Rxd1 Bxc5 9. Nc3 Bd7 10. Nd2 Na5 11. Nde4 Be7 12. Bf4 Bc6 13. Nd6+ Bxd6 14. Bxd6
O-O-O 15. e4 b6 16. Rac1 Nb7 17. Ba3 b5 18. b3 a5 19. Be7 Rxd1+ 20. Nxd1 Nxe4
21. a4 Re8 22. axb5 Bxb5 23. Ba3 Nec5 24. bxc4 Bd7 25. Nc3 Kc7 26. Rb1 Rd8 27.
h4 f5 28. Nb5+ Kc8 29. Na7+ Kc7 30. Nb5+ Kc8 31. Na7+ Kc7 32. Nb5+ Bxb5 33. Bxc5
Nxc5 34. Rxb5 Rd1+ 35. Kh2 Nd3 36. Rxa5 Nxf2 37. Ra7+ Kd6 38. Rxg7 Ng4+ 39. Kh3
Nf2+ 40. Kh2 Ng4+ 41. Kh3 h5 42. Rh7 Nf6 43. Rh6 Ke5 44. Bf3 Rd3 45. Kg2 Rd2+
46. Kg1 Rc2 47. Bxh5 Rxc4 48. Bf3 Rc1+ 49. Kg2 Rc2+ 50. Kg1 Rb2 51. Rg6 Rb8 52.
Kg2 Rb2+ 53. Kg1 Rb6 54. Kg2 Nd7 55. Rg7 Rd6 56. h5 Kf6 57. h6 Ne5 58. Bh5 Rd2+
59. Kg1 Rd7 60. Rxd7 Nxd7 61. g4 Nf8 62. gxf5 exf5 63. Bd1 Kg5 64. Bc2 Kxh6 65.
Bxf5 1/2-1/2

[Event "WCh Women 2018"]
[Site "Khanty-Mansiysk RUS"]
[Date "2018.11.04"]
[Round "1.2"]
[White "Zhukova, Natalia"]
[Black "Ni, Shiqun"]
[Result "0-1"]
[WhiteTitle "GM"]
[BlackTitle "WGM"]
[WhiteElo "2375"]
[BlackElo "2436"]
[WhiteFideId "14101513"]
[BlackFideId "8608466"]
[EventDate "2018.11.03"]

1. d4 d5 2. c4 c6 3. cxd5 cxd5 4. Bf4 e6 5. Nc3 Bd6 6. Bxd6 Qxd6 7. e3 Ne7 8.
Bd3 Nbc6 9. Nf3 O-O 10. O-O Bd7 11. Rc1 f6 12. e4 Be8 13. exd5 exd5 14. Ne2 Rd8
15. Ng3 Bg6 16. Bxg6 hxg6 17. Qd3 Qf4 18. Qe3 Qxe3 19. fxe3 Rfe8 20. Rc3 Nc8 21.
Nd2 Nd6 22. Rfc1 g5 23. Rc5 Nb4 24. R1c3 b6 25. Rc7 Nb5 26. Nf5 Nxc7 27. Rxc7
Kh8 28. Nf1 Rc8 29. Rxg7 Nd3 30. Rxa7 Rc2 31. Ne7 Ne1 32. g3 Nf3+ 33. Kh1 Rf2
34. h3 Rxf1+ 35. Kg2 Nd2 36. Nxd5 Rc8 37. e4 Rcc1 38. e5 Ne4 39. Ra8+ Kh7 40.
Ra7+ Kh6 0-1

[Event "WCh Women 2018"]
[Site "Khanty-Mansiysk RUS"]
[Date "2018.11.04"]
[Round "1.2"]
[White "Bodnaruk, Anastasia"]
[Black "Vega Gutierrez, Sabrina"]
[Result "1/2-1/2"]
[WhiteTitle "IM"]
[BlackTitle "IM"]
[WhiteElo "2426"]
[BlackElo "2389"]
[WhiteFideId "4181751"]
[BlackFideId "2219026"]
[EventDate "2018.11.03"]

1. e4 c5 2. Nf3 Nc6 3. Bb5 Nf6 4. e5 Nd5 5. O-O Nc7 6. a4 g6 7. Re1 Bg7 8. h3
O-O 9. Bxc6 dxc6 10. d3 Ne6 11. a5 Nd4 12. Nbd2 Qc7 13. c3 Nxf3+ 14. Nxf3 Rd8
15. Qe2 Be6 16. Be3 Bxe5 17. Bxc5 Bd6 18. Bxd6 Rxd6 19. Qe3 Qd8 20. d4 Qf8 21.
Ng5 Re8 22. Ne4 Rdd8 23. Nc5 Bc8 24. Qg3 Rd6 25. Re3 f5 26. Qf4 Qf6 27. h4 Rf8
28. Rae1 Rf7 29. b4 a6 30. Re5 Kg7 31. R5e3 h6 32. Nd3 g5 33. hxg5 hxg5 34. Rg3
g4 35. Ne5 Rf8 36. Nc4 Re6 37. Ne5 Qh6 38. Qxh6+ Rxh6 39. f4 Re6 40. Rge3 Rff6
41. Kf2 Rh6 42. Nc4 Rxe3 43. Rxe3 Kf6 44. Nb6 Be6 45. c4 Rh1 46. Re1 Rh8 47. d5
cxd5 48. cxd5 Bf7 49. Nd7+ Kg6 50. Ne5+ Kf6 51. Nxf7 Kxf7 52. Re5 Kf6 53. Re6+
Kf7 54. Rb6 Rd8 55. Rxb7 Rxd5 56. Ke3 Rd1 57. b5 axb5 58. Rxb5 Kf6 59. Rb6+ e6
60. a6 Ra1 61. Kf2 Ra3 62. Rc6 1/2-1/2

[Event "WCh Women 2018"]
[Site "Khanty-Mansiysk RUS"]
[Date "2018.11.04"]
[Round "1.2"]
[White "Danielian, Elina"]
[Black "Hoang, Thanh Trang"]
[Result "1/2-1/2"]
[WhiteTitle "GM"]
[BlackTitle "GM"]
[WhiteElo "2426"]
[BlackElo "2448"]
[WhiteFideId "13300210"]
[BlackFideId "12400149"]
[EventDate "2018.11.03"]

1. Nf3 f5 2. d3 Nc6 3. d4 e6 4. g3 Nf6 5. Bg2 Be7 6. O-O O-O 7. c4 d6 8. Nc3 Ne4
9. Nxe4 fxe4 10. Ne1 d5 11. Be3 Bf6 12. Nc2 Bd7 13. Qd2 Kh8 14. b4 Ne7 15. b5
Nf5 16. Bf4 dxc4 17. a4 a6 18. bxa6 Rxa6 19. Bxe4 c5 20. a5 cxd4 21. Qb4 e5 22.
Bc1 Nd6 23. Bxb7 Nxb7 24. Qxb7 Bc8 25. Qb5 Ra8 26. a6 Qc7 27. Nb4 Be6 28. Nd5
Bxd5 29. Qxd5 Rfd8 30. Qe4 Qb6 31. g4 h6 32. Qg6 Rd6 33. Bxh6 gxh6 34. Qxh6+ Kg8
35. Rfb1 Rxa6 36. Qg6+ Bg7 37. Qe8+ Kh7 38. Qh5+ Rh6 39. Qf5+ Rg6 40. Rxb6 Rxb6
41. g5 Rf6 42. Qh3+ Bh6 43. Ra7+ Kh8 44. Ra8+ Kh7 45. Qc8 Rxg5+ 46. Kf1 Bg7 47.
Qxc4 Rfg6 48. e3 dxe3 49. Qh4+ Bh6 50. Ra7+ Kh8 51. fxe3 Rg1+ 52. Ke2 R1g2+ 53.
Kf3 R2g5 54. Ra8+ Kh7 55. Ra7+ Kh8 56. Qe4 Bg7 57. Qa8+ Kh7 58. Qe4 Kh6 59. Rc7
Rf6+ 60. Ke2 Rgf5 61. Rc6 Rf2+ 62. Kd3 Rxc6 63. Qxc6+ Bf6 64. Qe6 Kg6 65. h3 Rf5
66. Ke4 Rg5 67. Kd5 Rg3 68. Qg8+ Bg7 69. e4 Kh6 70. Qc8 Rd3+ 71. Ke6 Rxh3 72.
Qc1+ Kh7 73. Qf1 Rh4 74. Qf5+ Kh8 75. Ke7 Rf4 76. Qg6 Kg8 77. Qe8+ Kh7 78. Qh5+
Kg8 79. Qg6 Kh8 80. Qe6 Kh7 81. Qc8 Rf3 82. Qe6 1/2-1/2

[Event "WCh Women 2018"]
[Site "Khanty-Mansiysk RUS"]
[Date "2018.11.04"]
[Round "1.2"]
[White "Zawadzka, Jolanta"]
[Black "Guseva, Marina"]
[Result "1-0"]
[WhiteTitle "WGM"]
[BlackTitle "IM"]
[WhiteElo "2407"]
[BlackElo "2413"]
[WhiteFideId "1122320"]
[BlackFideId "4149351"]
[EventDate "2018.11.03"]

1. e4 c6 2. d4 d5 3. Nd2 dxe4 4. Nxe4 Bf5 5. Ng3 Bg6 6. Nh3 Nf6 7. c3 e6 8. Nf4
Bd6 9. h4 Qc7 10. Qf3 Nbd7 11. h5 Bc2 12. h6 g6 13. Bd3 Bxd3 14. Nxd3 Qa5 15.
Bf4 Bxf4 16. Qxf4 O-O-O 17. O-O g5 18. Qf3 Qd5 19. Qe2 Rhf8 20. b4 Qc4 21. Rfc1
Rg8 22. Nf1 Qd5 23. Rab1 g4 24. b5 c5 25. Ne3 Qh5 26. Nc4 cxd4 27. b6 axb6 28.
cxd4 g3 29. Qxh5 gxf2+ 30. Kxf2 Nxh5 31. Rb5 Nhf6 32. Nxb6+ Kb8 33. Nxd7+ Rxd7
34. Nc5 Rxd4 35. Rxb7+ Ka8 36. Rxf7 Ng4+ 37. Kf1 Nxh6 38. Rxh7 Rf4+ 39. Kg1 Nf7
40. Nxe6 Rf6 41. Nc7+ Kb8 42. Nd5 Rf3 43. Ne7 Rg5 44. Nc6+ Ka8 45. Nd8 Nd6 46.
Rd7 Rd3 47. Nf7 Rgd5 48. Nxd6 Rxd6 49. Rc8# 1-0

[Event "WCh Women 2018"]
[Site "Khanty-Mansiysk RUS"]
[Date "2018.11.05"]
[Round "1.3"]
[White "Harika, Dronavalli"]
[Black "Khukhashvili, Sopiko"]
[Result "1/2-1/2"]
[WhiteTitle "GM"]
[BlackTitle "IM"]
[WhiteElo "2498"]
[BlackElo "2316"]
[WhiteFideId "5015197"]
[BlackFideId "13602055"]
[EventDate "2018.11.03"]

1. e4 c5 2. Nf3 a6 3. c3 d5 4. exd5 Qxd5 5. d4 Nf6 6. Be2 e6 7. O-O Nc6 8. Be3
cxd4 9. cxd4 Be7 10. Nc3 Qd6 11. Qd2 O-O 12. Bf4 Qd8 13. Rfd1 Nb4 14. Bg5 Nbd5
15. Nxd5 Nxd5 16. Bxe7 Qxe7 17. Ne5 b6 18. Bf3 Bb7 19. Rac1 Rac8 20. a3 h6 21.
Nc4 Rb8 22. Ne5 Qd6 23. Rc2 Ne7 24. Bxb7 Rxb7 25. Qe2 b5 26. Qe4 Rc7 27. Rxc7
Qxc7 28. h3 Rc8 29. Nf3 Qc2 30. Qxc2 Rxc2 31. Rd2 Rc1+ 32. Kh2 f6 33. Ng1 Nd5
34. Ne2 Rc4 35. Kg3 Kf7 36. Kf3 Ke7 37. Ng3 f5 38. Nf1 f4 39. Nh2 h5 40. Ke4 g5
41. Nf3 Kf6 42. Kd3 Ne7 43. Ne5 Rc1 44. Nd7+ Kf5 45. Nc5 a5 46. Re2 Rd1+ 47. Kc2
Rxd4 48. Nxe6 Rd7 49. Ng7+ Kg6 50. Ne6 Kf6 51. Nc5 Rc7 52. b4 Nd5 53. Re6+ Kf5
54. Rd6 Ke5 55. Re6+ Kf5 56. Rd6 Ke5 57. Re6+ Kf5 1/2-1/2

[Event "WCh Women 2018"]
[Site "Khanty-Mansiysk RUS"]
[Date "2018.11.05"]
[Round "1.3"]
[White "Stefanova, Antoaneta"]
[Black "Foisor, Sabina-Francesca"]
[Result "1-0"]
[WhiteTitle "GM"]
[BlackTitle "WGM"]
[WhiteElo "2490"]
[BlackElo "2264"]
[WhiteFideId "2902257"]
[BlackFideId "1212915"]
[EventDate "2018.11.03"]

1. Nf3 Nf6 2. g3 d5 3. Bg2 Bf5 4. O-O c6 5. d3 e6 6. Nh4 Bg4 7. h3 Bh5 8. Qe1
Be7 9. f4 Nfd7 10. Nf3 Bxf3 11. Bxf3 Qc7 12. e4 dxe4 13. Qxe4 Nf6 14. Qe2 Nbd7
15. Nd2 Nb6 16. Bg2 g6 17. Nf3 Nh5 18. Kh2 Bf6 19. Ne5 O-O 20. b3 Bg7 21. Bb2 a5
22. c4 a4 23. Ng4 Nd7 24. Bxg7 Nxg7 25. b4 h5 26. Ne3 Nf5 27. Nxf5 exf5 28. Rae1
Nf6 29. Qb2 Kg7 30. Re5 Rad8 31. d4 Qd6 32. d5 cxd5 33. Rxd5 Qc7 34. Rc5 Qd6 35.
Bxb7 Qd2+ 36. Rf2 Qxb2 37. Rxb2 Rb8 38. Bg2 h4 39. gxh4 Rfd8 40. b5 a3 41. Rf2
Rd4 42. Rc7 Ne4 43. Rc2 Rd3 44. Ra7 Nc5 45. Bd5 Re8 46. Rxf7+ Kh6 47. b6 Ree3
48. Bg2 Rd6 49. b7 Rb6 50. Rc7 Ne6 51. Rc8 Nd4 52. Rd2 Nb3 53. Rf2 Na5 54. b8=Q
Rxb8 55. Rxb8 Nxc4 56. Bd5 Nd6 57. Rb3 1-0

[Event "WCh Women 2018"]
[Site "Khanty-Mansiysk RUS"]
[Date "2018.11.05"]
[Round "1.3"]
[White "Saduakassova, Dinara"]
[Black "Matnadze, Ana"]
[Result "1-0"]
[WhiteTitle "IM"]
[BlackTitle "IM"]
[WhiteElo "2474"]
[BlackElo "2372"]
[WhiteFideId "13700090"]
[BlackFideId "13601377"]
[EventDate "2018.11.03"]

1. d4 Nf6 2. c4 e6 3. Nf3 d5 4. Nc3 a6 5. cxd5 exd5 6. Bg5 Be6 7. e3 Nbd7 8. Bd3
h6 9. Bf4 Bd6 10. Bxd6 cxd6 11. O-O O-O 12. h3 b5 13. a4 b4 14. Ne2 a5 15. Nf4
Nb6 16. Nd2 Bd7 17. Bc2 Rc8 18. b3 Rc3 19. Rc1 Qe7 20. Ne2 Rcc8 21. Ng3 g6 22.
Qe2 Qd8 23. Bd3 Re8 24. Bb5 h5 25. Qd3 h4 26. Bxd7 Nbxd7 27. Ne2 Qb6 28. Nf3 Ne4
29. Nxh4 Ndf6 30. f3 Nc3 31. Nxc3 bxc3 32. Rxc3 Rxc3 33. Qxc3 Rb8 34. Rb1 Qa6
35. Qd2 Qc6 36. g4 Rc8 37. Ng2 Qb6 38. Nf4 Qc6 39. Ne2 Qb6 40. Kf2 Rc6 41. Rc1
Rxc1 42. Nxc1 Nd7 43. Qc3 Nb8 44. Nd3 Nc6 45. h4 Qb7 46. Nf4 Nb4 47. Nd3 Nc6 48.
Kg3 Kg7 49. Qc2 Qd7 50. Qc3 Qb7 51. Nf4 Nb4 52. h5 Qe7 53. hxg6 fxg6 54. Qc7
Qxc7 55. Ne6+ Kf7 56. Nxc7 Ke7 57. Kf4 Kd7 58. Nb5 Ke6 59. Kg5 Nc2 60. Nc7+ Kf7
61. Nxd5 Ke6 62. Nc7+ Kd7 63. Nb5 Nxe3 64. Kxg6 Ng2 65. Kf6 Ne1 66. f4 Ng2 67.
f5 Ne3 68. g5 Nd5+ 69. Kf7 Ne3 70. f6 Nf5 71. g6 Nh6+ 72. Kf8 Ke6 73. g7 1-0

[Event "WCh Women 2018"]
[Site "Khanty-Mansiysk RUS"]
[Date "2018.11.05"]
[Round "1.3"]
[White "Abdumalik, Zhansaya"]
[Black "Padmini, Rout"]
[Result "1/2-1/2"]
[WhiteTitle "IM"]
[BlackTitle "IM"]
[WhiteElo "2473"]
[BlackElo "2341"]
[WhiteFideId "13703544"]
[BlackFideId "5029295"]
[EventDate "2018.11.03"]

1. e4 e5 2. Nf3 Nc6 3. Bb5 Nf6 4. d3 Bc5 5. Nbd2 O-O 6. Nb3 Bb6 7. Bxc6 bxc6 8.
Nxe5 d5 9. O-O dxe4 10. Bg5 h6 11. Bh4 Qd6 12. Nc4 Qf4 13. Bg3 Qg5 14. a4 a5 15.
Nxb6 cxb6 16. dxe4 Nxe4 17. Bc7 Ra6 18. Qf3 Qg6 19. Qd3 c5 20. f3 Qc6 21. Bf4
Nf6 22. Qd6 Qxd6 23. Bxd6 Re8 24. Rfe1 Be6 25. Be5 Nd5 26. c3 Ne7 27. Nd2 Ra7
28. Ne4 Rd8 29. Kf2 Rad7 30. g4 Nc6 31. Bf4 Bc4 32. h4 f6 33. Kg3 Kf7 34. Kf2 g5
35. Bg3 Bd5 36. Rad1 Bxe4 37. Rxd7+ Rxd7 38. Rxe4 gxh4 39. Bxh4 Ne5 40. Re2 Rd3
41. Bg3 Rxf3+ 42. Kg2 Rd3 43. Bxe5 fxe5 44. Rxe5 Rd2+ 45. Kf3 Rxb2 46. Rh5 Kg6
47. Rd5 Rb3 48. Kf4 Rxc3 49. Rd6+ Kg7 50. Rxb6 Rc4+ 51. Kf5 Rxa4 52. Rb7+ Kf8
53. Rb5 c4 54. Kf6 Ke8 55. Ke6 Kd8 56. Rc5 c3 57. Kf5 Ra3 58. Kg6 Kd7 59. Kxh6
Kd6 60. Rc8 Rb3 61. g5 Kd7 62. Rc5 Rb6+ 63. g6 Rc6 64. Rxa5 c2 65. Ra1 c1=Q+ 66.
Rxc1 Rxc1 67. g7 Rg1 68. Kh7 Rxg7+ 69. Kxg7 1/2-1/2